Misterio de la cueva de los lamentos / (Registro nro. 8348)

Detalles MARC
000 -LIDER
fixed length control field 01209nam a22003497a 4500
001 - NÚMERO DE CONTROL
Identificador de número de control 0074
003 - IDENTIFICACDOR DE NÚMERO DE CONTROL
control field DO-SdBNP
005 - DATE AND TIME OF LATEST TRANSACTION
control field 20180130100806.0
007 - CAMPOS FIJOS DE DESCRIPCIÓN FÍSICA
fixed length control field 0074
008 - ELEMENTOS DE LONGITUD FIJA
fixed length control field 151008b sp 1986 xxu||||| |||| 00| 0 spa d
020 ## - ISBN
International Standard Book Number 8427249101
040 ## - FUENTE DE CATALOGACIÓN
Agencia que crea de manera original el registro BPMSU
Idioma de catalogación spa
Agencia que realiza la transcripción BPMSU
082 #4 - NÚMERO DE CLASIFICACIÓN DECIMAL DE DEWEY
Classification number 813.54
Item number A788m
100 10 - ASIENTO PRINCIPAL -- NOMBRE PERSONAL
Nombre personal Arthur, Robert,
Fechas asociadas con el nombre 1909-1969
240 14 - TITULO UNIFORME
Título uniforme The mystery of the moaning cave
Idioma de una obra Español
245 10 - MENCIÓN DE TITULO
Título Misterio de la cueva de los lamentos /
Mención de responsabilidad Robert Arthur ; traducción Lourdes Pol de Ramírez; ilustración R. Escolano
260 ## - PUBLICACIÓN, DISTRIBUCIÓN, ETC. (PIE DE IMPRENTA)
Lugar de publicación, distribución, etc Barcelona :
Nombre del editor, distribuidor, etc. Molino,
Fecha de publicación, distribución, etc 1986
300 ## - DESCRIPCIÓN FÍSICA
Extensión 159 p. :
Otros detalles físicos il.,
Dimensiones 21 cm.
490 10 - MENCIÓN DE SERIES
Mención de serie Alfred Hitchcock. Los tres investigadores
Volume/sequential designation 10
500 ## - NOTA GENERAL
Nota general Título original en inglés: The mystery of the moaning cave.
650 #4 - ENCABEZAMIENTO DE MATERIA--TEMÁTICO
Término temático o nombre geográfico como elemento de entrada NOVELA POLICÍACA INGLESA
650 #4 - ENCABEZAMIENTO DE MATERIA--TEMÁTICO
Término temático o nombre geográfico como elemento de entrada LITERATURA POLICÍACA INGLESA
650 #4 - ENCABEZAMIENTO DE MATERIA--TEMÁTICO
Término temático o nombre geográfico como elemento de entrada LITERATURA JUVENIL
650 #4 - ENCABEZAMIENTO DE MATERIA--TEMÁTICO
Término temático o nombre geográfico como elemento de entrada NOVELA JUVENIL
700 10 - ASIENTO SECUNDARIO -- NOMBRE PERSONAL
Nombre personal Pol Ramírez, Ma. Lourdes de,
Mención de responsabilidad tr.
700 10 - ASIENTO SECUNDARIO -- NOMBRE PERSONAL
Nombre personal Escolano, R.,
Mención de responsabilidad il.
830 00 - ASIENTO SECUNDARIO DE SERIE--TÍTULO UNIFORME
Título uniforme Alfred Hitchcock y los tres investigadores
Número de la parte o sección de una obra ; 10
910 ## - VALIDACIÓN
Validación Validado. Control de calidad MFF
942 ## - ADDED ENTRY ELEMENTS (KOHA)
Source of classification or shelving scheme Dewey Decimal Classification
Koha item type Libros
956 ## - LOCAL ELECTRONIC LOCATION AND ACCESS (OCLC)
Nombre de host Brenda Tavárez
956 ## - LOCAL ELECTRONIC LOCATION AND ACCESS (OCLC)
Nombre de host Validado. Control de calidad MFF
Existencias
Withdrawn status Lost status Source of classification or shelving scheme Damaged status Not for loan Collection code Home library Current library Date acquired Source of acquisition Total Checkouts Full call number Barcode Date last seen Price effective from Koha item type Copy number
    Dewey Decimal Classification     Colección Juvenil General Biblioteca Pública Metropolitana Salomé Ureña Biblioteca Pública Metropolitana Salomé Ureña 10/08/2015 Fundi   813 A788m BPMSU15100070 10/08/2015 10/08/2015 Libros  
    Dewey Decimal Classification     Colección Juvenil General Biblioteca Pública Metropolitana Salomé Ureña Biblioteca Pública Metropolitana Salomé Ureña 11/19/2015 Fundi   813 A788m BPMSU15110393 11/19/2015 11/19/2015 Libros e.2